Estadísticas para Convocatorias de la Selección Española (1994-2006)

Haz click aquí para intentar la prueba.

Estadísticas generales

  • Esta prueba ha sido intentada 83 veces
  • La puntuación promedio es 52 de 156

Estadísticas de respuestas

GroupRespuesta% Correcto
Eurocopa Portugal 2004 | Eurocopa de Bélgica y Países Bajos 2000 | Mundial Alemania 2006 | Mundial Corea del Sur y Japón 2002Casillas
88%
Eurocopa Portugal 2004 | Eurocopa de Bélgica y Países Bajos 2000 | Mundial Alemania 2006 | +2 othersRaúl
85%
Eurocopa Portugal 2004 | Mundial Alemania 2006Xavi
85%
Eurocopa de Bélgica y Países Bajos 2000 | Eurocopa de Inglaterra 1996 | Mundial Corea del Sur y Japón 2002 | +2 othersHierro
78%
Mundial Alemania 2006Iniesta
75%
Mundial Alemania 2006Villa
75%
Eurocopa Portugal 2004 | Mundial Alemania 2006 | Mundial Corea del Sur y Japón 2002Puyol
73%
Mundial Corea del Sur y Japón 2002Curro Torres
70%
Eurocopa Portugal 2004 | Mundial Alemania 2006Fernando Torres
70%
Mundial Alemania 2006Sergio Ramos
70%
Eurocopa Portugal 2004 | Eurocopa de Bélgica y Países Bajos 2000 | Eurocopa de Inglaterra 1996 | +3 othersCañizares
68%
Eurocopa Portugal 2004 | Mundial Alemania 2006 | Mundial Corea del Sur y Japón 2002Joaquín
63%
Eurocopa de Inglaterra 1996 | Mundial Corea del Sur y Japón 2002 | Mundial de EEUU 1994 | Mundial de Francia 1998Luis Enrique
63%
Eurocopa de Bélgica y Países Bajos 2000 | Mundial de EEUU 1994Guardiola
55%
Mundial Alemania 2006Reina
55%
Eurocopa Portugal 2004 | Mundial Alemania 2006Xabi Alonso
55%
Eurocopa Portugal 2004 | Mundial Corea del Sur y Japón 2002 | Mundial de Francia 1998Morientes
50%
Eurocopa de Inglaterra 1996 | Mundial de EEUU 1994 | Mundial de Francia 1998Zubizarreta
50%
Eurocopa Portugal 2004Capdevila
40%
Mundial Alemania 2006Senna
38%
Eurocopa Portugal 2004 | Mundial Alemania 2006 | Mundial Corea del Sur y Japón 2002Albelda
35%
Eurocopa de Bélgica y Países Bajos 2000 | Mundial Alemania 2006Míchel Salgado
35%
Eurocopa de Inglaterra 1996 | Mundial de EEUU 1994Salinas
35%
Eurocopa de Bélgica y Países Bajos 2000 | Eurocopa de Inglaterra 1996 | Mundial de EEUU 1994 | Mundial de Francia 1998Sergi Barjuán
35%
Eurocopa Portugal 2004 | Mundial Alemania 2006Marchena
33%
Eurocopa de Bélgica y Países Bajos 2000 | Eurocopa de Inglaterra 1996 | Mundial de EEUU 1994 | Mundial de Francia 1998Abelardo
25%
Eurocopa Portugal 2004 | Mundial Corea del Sur y Japón 2002Baraja
25%
Mundial de EEUU 1994 | Mundial de Francia 1998Ferrer
25%
Eurocopa Portugal 2004 | Eurocopa de Bélgica y Países Bajos 2000 | Mundial Corea del Sur y Japón 2002Iván Helguera
25%
Eurocopa de Inglaterra 1996 | Mundial Corea del Sur y Japón 2002 | Mundial de EEUU 1994 | Mundial de Francia 1998Nadal
25%
Mundial Alemania 2006Cesc Fábregas
23%
Eurocopa de Inglaterra 1996 | Mundial de Francia 1998Julen Guerrero
23%
Eurocopa de Bélgica y Países Bajos 2000 | Mundial Corea del Sur y Japón 2002Mendieta
23%
Eurocopa de Inglaterra 1996 | Mundial de EEUU 1994Caminero
20%
Eurocopa Portugal 2004Vicente
20%
Eurocopa de Bélgica y Países Bajos 2000 | Eurocopa de Inglaterra 1996 | Mundial de Francia 1998Alfonso
18%
Eurocopa de Inglaterra 1996 | Mundial de EEUU 1994 | Mundial de Francia 1998Alkorta
18%
Mundial de EEUU 1994Bakero
18%
Eurocopa Portugal 2004 | Eurocopa de Bélgica y Países Bajos 2000 | Mundial de Francia 1998Etxeberría
18%
Mundial de EEUU 1994Goikoetxea
18%
Eurocopa de Inglaterra 1996 | Mundial de Francia 1998Kiko
18%
Mundial Corea del Sur y Japón 2002Contreras
15%
Mundial Corea del Sur y Japón 2002Diego Tristán
15%
Eurocopa de Bélgica y Países Bajos 2000Fran
15%
Mundial Corea del Sur y Japón 2002Juanfran
15%
Eurocopa Portugal 2004 | Mundial Alemania 2006Juanito
15%
Eurocopa de Bélgica y Países Bajos 2000Munitis
15%
Mundial Alemania 2006Pernía
15%
Eurocopa Portugal 2004 | Eurocopa de Bélgica y Países Bajos 2000 | Mundial Corea del Sur y Japón 2002Valerón
15%
Eurocopa Portugal 2004César
13%
Eurocopa de Bélgica y Países Bajos 2000 | Eurocopa de Inglaterra 1996 | Mundial de Francia 1998Molina
13%
Eurocopa Portugal 2004Raúl Bravo
13%
Mundial de Francia 1998Iván Campo
10%
Mundial de EEUU 1994Lopetegui
10%
Mundial Alemania 2006Pablo
10%
Eurocopa de Bélgica y Países Bajos 2000Paco Jémez
10%
Mundial Corea del Sur y Japón 2002Romero
10%
Eurocopa de Bélgica y Países Bajos 2000Urzaiz
10%
Eurocopa de Inglaterra 1996Amavisca
8%
Eurocopa de Inglaterra 1996 | Mundial de Francia 1998Amor
8%
Eurocopa de Bélgica y Países Bajos 2000 | Mundial de Francia 1998Aranzabal
8%
Mundial Corea del Sur y Japón 2002De Pedro
8%
Eurocopa de Bélgica y Países Bajos 2000Gerard
8%
Mundial de EEUU 1994Juanele
8%
Eurocopa de Inglaterra 1996 | Mundial de EEUU 1994Otero
8%
Eurocopa de Inglaterra 1996 | Mundial de Francia 1998Pizzi
8%
Mundial Alemania 2006Reyes
8%
Mundial Corea del Sur y Japón 2002Sergio
8%
Mundial de EEUU 1994Txiki Begiristain
8%
Mundial de Francia 1998Aguilera
5%
Mundial Alemania 2006Antonio López
5%
Eurocopa de Inglaterra 1996Belsúe
5%
Mundial de Francia 1998Celades
5%
Eurocopa de Inglaterra 1996Donato
5%
Mundial de EEUU 1994Julen Guerrero
5%
Mundial Alemania 2006Luís García
5%
Eurocopa de Inglaterra 1996Manjarín
5%
Mundial Corea del Sur y Japón 2002Ricardo
5%
Eurocopa Portugal 2004Aranzubía
3%
Mundial de EEUU 1994Camarasa
3%
Eurocopa Portugal 2004Gabri
3%
Eurocopa Portugal 2004 | Mundial Corea del Sur y Japón 2002Luque
3%
Mundial de EEUU 1994Miñambres
3%
Eurocopa de Bélgica y Países Bajos 2000Velasco
3%
Mundial de EEUU 1994Voro
3%
Eurocopa de Bélgica y Países Bajos 2000Engonga
0%
Eurocopa de Inglaterra 1996Juanma López
0%

Distribución de puntuación

Porcentaje por número respondido

Porcentaje de gente con cada puntuación

Historial de tus puntuaciones

No has intentado esta prueba.